Vybrané problémy manažmentu rodinného podniku v službách diplomová práca

Gespeichert in:
Bibliographische Detailangaben
1. Verfasser: Kovács, Dániel
Körperschaft: Obchodná fakulta EU. Katedra cestovného ruchu
Weitere Verfasser: Mura, Ladislav, 1979-
Format: Buch
Sprache:Slowakisch
Veröffentlicht: Bratislava 2024
Tags: Tag hinzufügen
Keine Tags, Fügen Sie das erste Tag hinzu!

MARC

LEADER 00000nbm a2200000 4500
001 0302480
005 20250820121220.9
041 0 |a slo 
044 |a SK 
245 1 0 |a Vybrané problémy manažmentu rodinného podniku v službách  |b diplomová práca  |c Dániel Kovács ; školiteľ: Ladislav Mura 
264 1 |a Bratislava  |c 2024 
300 |a 72 s. 
100 1 |a Kovács, Dániel 
700 1 |a Mura, Ladislav, 1979- 
710 2 |a Obchodná fakulta EU. Katedra cestovného ruchu